000
00293nam a2200121Ia 4500
008
191201s2009 xx 000 0 und d
100
_a
DWIVEDI, D.N.
245
0
_a
Managerial Economics
260
_a
N. Delhi
_b
Vikas Publication House
_c
2009
300
_a
704
650
_a
BBA
942
_2
ddc
_c
BK
999
_c
6593
_d
6593